000 00795nam a22002417a 4500
008 240605b mp ||||| |||| 00| 0 mon d
020 _a978-9919-517-96-0
035 _a25517
040 _aHE0623081
_bmon
_cMN-UlNLM
_dMN-UlNLM
_erda
041 _amon
042 _a59358
084 _2NNA
_a84(0)-44
_bК.98
100 _aКэстнер Э.
245 0 _aНисдэг анги
264 _aУБ.
_bМонсудар хэвлэлийн газар
_c2022
300 _a213х.
336 _2rdacontent
_atext
_btxt
337 _2rdamedia
_aunmediated
_bn
338 _2rdacarrier
_avolume
_bnc
650 _aХүүхдийн шилдэг зохиолын гайхамшгийн эрэлд цуврал номоос ..........
942 _2NNA
_cBK
999 _c895203
_d895260